00504nam a2200169 a 450000100060000000300090000600800410001502000150005604000280007108200160009910000210011524500640013626000510020030000100025165000370026165000360029812510CO-ViMGA141112s2004 ck r 000 u spa d a9586145354 aCO-ViMGAbspacCO-ViMGA04a362.29 M37p1 aMera, Aura Lucia10aPida Ayuda : bHistorias reales y alcohólicos drogadictos aSantafé de Bogotá : bTemas de Hoy, c1996 a182p.14aALCOHOLICOS - RELATOS PERSONALES14aDROGADITOS - RELATOS PERSONALES